[Event "13th Poti Nana Aleksandria Cup"]
[Site "Poti"]
[Date "2018.07.16"]
[Round "5"]
[White "Paichadze, Luka"]
[Black "Mgeladze, Tamaz"]
[Result "1-0"]
[WhiteElo "2564"]
[BlackElo "2374"]
[Annotator "TA"]
[PlyCount "131"]
[EventDate "2018.07.13"]
[EventType "swiss"]
[EventCountry "GEO"]
[SourceTitle "playchess.com"]
[Source "ChessBase"]
[SourceQuality "1"]

{[%evp 14,131,15,9,12,13,6,-12,0,-12,0,0,0,7,6,6,6,6,0,0,5,2,0,8,9,6,30,27,47,45,63,32,32,32,28,25,50,0,0,0,0,0,0,0,17,30,118,116,116,116,116,117,116,116,111,123,116,113,113,111,111,111,181,141,148,0,111,119,129,104,105,99,146,134,146,121,106,101,93,98,105,105,97,118,211,210,227,231,229,217,212,207,269,252,242,281,337,304,6321,6545,6422,5922,5934,5868,29977,29978,29978,29979,29978,29979,29979,29980,29981,29981,29981,29982,29982,29983,29985,29986]} 1. e4 c5 2. Nf3 d6 3. d4 cxd4 4. Qxd4 Nc6 5. Bb5 a6 6. Bxc6+ bxc6 7. O-O e5 8. Qd3 {LiveBook: 28 Games} Ne7 {[%cal Bg8e7,Be7g6,Bg6f4][%mdl 32] B51: Sicilian: Moscow Variation (3 Bb5+) without 3...Bd7} 9. Rd1 (9. Nbd2 f6 10. Rd1 d5 11. Nb3 Bg4 12. Bd2 f5 13. Nxe5 fxe4 14. Qc3 Bxd1 15. Rxd1 Qd6 16. Be3 {1-0 (36) Fedorchuk,S (2648)-Gajewski,G (2601) Katowice 2017}) 9... Ng6 $1 10. Na3 f6 $146 {The position is equal.} ({Predecessor:} 10... d5 11. Nc4 f6 12. Be3 Rb8 13. exd5 cxd5 14. Qxd5 Qxd5 15. Rxd5 Be6 16. Nd6+ {1-0 (45) Barendregt,J-Ojanen,K Berg en Dal 1960}) 11. Be3 Be6 12. Nc4 {[%cal Rc4d6]} d5 13. Nb6 {aiming for Qc3.} Nf4 14. Qf1 {Black must now prevent exd5.} Rb8 15. exd5 cxd5 16. Nxd5 Nxd5 17. c4 Qa5 18. cxd5 Bxd5 19. a3 Bb3 20. Rdc1 Be7 21. Nd2 Bd5 22. b4 Qb5 $1 23. Rc7 Kf7 24. Rac1 $36 {[%mdl 2048] White has good play.} Rhe8 25. Ra7 Ra8 26. Rcc7 Rxa7 27. Rxa7 Ra8 28. Rc7 Rb8 29. Nc4 {Threatens to win with Nd6+.} Kg8 (29... Rd8 $11) 30. Nb6 $1 $16 Bd8 31. Qxb5 axb5 32. Nxd5 Bxc7 33. Nxc7 Kf7 34. Kf1 Ke7 35. Ba7 Rb7 36. Bc5+ Kd7 37. Nd5 Kc6 (37... Rb8 $16 {keeps fighting.}) 38. Ne7+ $18 Kd7 39. Nd5 Kc6 $1 {[%cal Rc6d5]} 40. Nc3 Rb8 41. a4 bxa4 42. Nxa4 Kb5 43. Nc3+ Kc4 44. Ne4 Kd5 45. Nd2 Ra8 46. Ke2 f5 47. Kd3 Ra3+ 48. Kc2 $1 g5 {[#]} (48... Ra8 $16 {is a better defense.} 49. Kb3 Ra1) 49. Nb1 $1 {[%cal Rb1a3]} Ra8 {[#]} 50. Kb3 $1 Ra1 51. Nc3+ Kc6 52. Kc4 Rh1 53. b5+ Kb7 54. h3 Rh2 55. g4 Rxh3 $2 (55... fxg4 56. hxg4 Rg2) 56. gxf5 Rf3 57. Ne4 h5 58. f6 Rf4 {[#]} 59. f7 $1 {White mates.} Rxe4+ {[%mdl 4096] Endgame KR-KB} (59... Rxf7 60. Nd6+) 60. Kd5 Rf4 61. f8=Q Rxf8 62. Bxf8 h4 63. Bd6 Kb6 64. Kxe5 g4 65. Kf5 g3 {[#]} 66. Bxg3 $1 {Precision: White = 82%, Black = 51%.} 1-0

[Event "13th Poti Nana Aleksandria Cup"]
[Site "Poti"]
[Date "2018.07.16"]
[Round "5"]
[White "Mosadeghpour, Masoud"]
[Black "Kokaia, Guram"]
[Result "1-0"]
[WhiteElo "2531"]
[BlackElo "2159"]
[Annotator "TA"]
[PlyCount "57"]
[EventDate "2018.07.13"]
[EventType "swiss"]
[EventCountry "GEO"]
[SourceTitle "playchess.com"]
[Source "ChessBase"]
[SourceQuality "1"]

{[%evp 18,57,43,43,103,44,77,0,0,0,0,-19,-17,-29,-12,-13,-12,-37,-17,-95,-97,-103,-116,-118,-108,-110,-129,-115,-151,-635,-37,-44,62,10,29985,29986,29987,29988,29991,3937,29992,29990]} 1. e4 c5 2. Nf3 e6 3. d4 cxd4 4. Nxd4 a6 5. Nc3 Qc7 6. Bd3 Nf6 7. f4 d6 8. Qf3 Nc6 9. Be3 Be7 10. O-O-O {LiveBook: 13 Partien. B82: Sizilianisch (Scheveninger System)} (10. O-O O-O 11. Kh1 Bd7 12. Rae1 b5 13. a3 Rab8 14. Nxc6 Bxc6 15. Qh3 Rfd8 16. Bd2 d5 17. e5 Ne4 18. f5 Nxd2 19. fxe6 Ne4 20. exf7+ {1-0 (30) Kamsky,G (2741)-Mamedyarov,S (2775) Tromsoe 2013}) 10... g6 $146 ({Lieber} 10... O-O $14) ({Vorgänger:} 10... Bd7 11. h3 Nxd4 12. Bxd4 Bc6 13. g4 d5 14. e5 Nd7 15. Qe3 O-O-O 16. f5 Bh4 17. Rhf1 Rde8 18. fxe6 fxe6 {0-1 (35) Svetushkin,D (2592)-Laznicka,V (2670) Jerusalem 2015}) 11. Nb3 ({Günstiger ist} 11. Rhf1 $16) 11... Nb4 12. Be2 (12. Kb1 $16) 12... d5 $1 $11 {[%cal Rd5e4]} 13. Bd4 dxe4 14. Qf2 {Schwarz muss nun Le5 beachten.} O-O 15. Be5 Qc6 16. Na5 {[#]} Nxa2+ $1 {[%mdl 512]} 17. Nxa2 Qa4 $36 {[%mdl 2048] Schwarz hat gut koordiniertes Spiel.} 18. Bc4 (18. Kb1 $1 $11 {hält das Gleichgewicht.} Qxa5 19. Qd4) 18... Qxa5 $17 19. Qh4 b5 $1 {[%cal Rb5c4]} 20. Bc3 Qc7 21. Bxf6 Bxf6 22. Qxf6 {Lb3 ist eine echte Drohung.} Qxc4 23. h4 $2 (23. Nc3 $17) 23... e5 $2 (23... Qxa2 $19 24. Rh3 Ra7) 24. Nc3 $15 {Droht Sd5 und aus.} exf4 ({Besser ist} 24... Bf5 $15 25. h5 Qe6) 25. Nd5 $14 {[%cal Rd5e7]} Ra7 $2 {[%mdl 8192]} (25... h5 $11 26. Qe5 {[#]} f6 $1 {[%mdl 512]} 27. Nxf6+ Rxf6 $1 {[%mdl 512]} 28. Qe8+ Rf8 29. Qxg6+ Kh8 30. Qxh5+ Kg7 31. Qg5+ Kh7 32. Qh5+ Kg8 33. Qg6+ Kh8 34. Qh5+ Kg7) 26. h5 {[%cal Bh4h5,Bh5h6][%mdl 32]} Qa2 27. h6 {[%csl Gh6][%cal Rf6g7]} Qa1+ 28. Kd2 {[%csl Gh6][%cal Rf6g7]} e3+ 29. Ke1 {Precision: Weiß = 58%, Schwarz = 27%.} 1-0

[Event "13th Poti Nana Aleksandria Cup"]
[Site "Poti"]
[Date "2018.07.16"]
[Round "5"]
[White "Golubov, Saveliy"]
[Black "Mustafayev, Farid"]
[Result "1/2-1/2"]
[WhiteElo "2488"]
[BlackElo "2068"]
[Annotator "TA"]
[PlyCount "33"]
[EventDate "2018.07.13"]
[EventType "swiss"]
[EventCountry "GEO"]
[SourceTitle "playchess.com"]
[Source "ChessBase"]
[SourceQuality "1"]

{[%evp 19,33,-46,-46,-106,-124,-165,-160,-131,-97,-130,-15,-24,-33,-34,0,0]} 1. e4 {[%cal Be2e4,Be4e5][%mdl 32]} Nf6 2. Nc3 d5 3. e5 Nfd7 4. f4 e6 5. d4 c5 6. Nf3 Nc6 7. Be3 Qb6 8. Qd2 Qxb2 9. Rb1 Qa3 {C11: French: Classical System: 4 e5 and 4 Bg5 dxe4} 10. Nb5 (10. f5 a6 11. fxe6 fxe6 12. Be2 Be7 13. O-O O-O 14. Kh1 cxd4 15. Nxd4 Ndxe5 16. Rb3 Rxf1+ 17. Bxf1 {0-1 (32) Nakamura,H (2758)-Morozevich,A (2762) Reggio Emilia 2012 CBM 146 [CB]}) 10... Qxa2 {LiveBook: 4 Games} 11. Qc1 {[#]} (11. Rd1 $1 $15 Rb8 12. dxc5) 11... Qa5+ $1 $17 {Black is better.} 12. Bd2 {[#]} Qd8 $1 13. f5 $146 ({Predecessor:} 13. c4 a6 14. cxd5 axb5 15. dxc6 bxc6 16. Bd3 Be7 17. O-O {0-1 (32) Warakomska,A (2095)-Sujkowski,P (1977) Warsaw 2013}) 13... a6 14. fxe6 fxe6 ({Better is} 14... axb5 $17 15. exd7+ Bxd7 16. Bxb5 Nxd4 17. Nxd4 Qh4+ 18. g3 Qxd4) 15. Bg5 $11 Qa5+ 16. Bd2 Qd8 17. Bg5 1/2-1/2

[Event "13th Poti Nana Aleksandria Cup"]
[Site "Poti"]
[Date "2018.07.16"]
[Round "5"]
[White "Sindarov, Javokhir"]
[Black "Harutyunian, Tigran K"]
[Result "0-1"]
[WhiteElo "2474"]
[BlackElo "2500"]
[Annotator "TA"]
[PlyCount "46"]
[EventDate "2018.07.13"]
[EventType "swiss"]
[EventCountry "GEO"]
[SourceTitle "playchess.com"]
[Source "ChessBase"]
[SourceQuality "1"]

{[%evp 28,46,-6,-62,-64,-83,-111,-139,-131,-133,-144,-218,-206,-218,-230,-213,-217,-606,-593,-667,-676]} 1. e4 e5 2. Nf3 Nc6 3. d4 exd4 4. Nxd4 Bc5 5. Be3 Qf6 6. c3 Nge7 7. Bc4 Ne5 8. Be2 Qg6 9. O-O d6 10. Kh1 Qxe4 {C45: Scotch Game} 11. Nd2 Qg6 12. Nb5 O-O 13. Nxc7 Rb8 14. Bh5 Qf5 15. f4 {LiveBook: 13 Games} (15. Qe2 $11) 15... N5g6 $15 (15... Ng4 16. Bxg4 Qxg4 17. Nc4 Qd7 18. Bxc5 dxc5 19. Qxd7 Bxd7 {½-½ (70) Kasparov,G (2812)-Nakamura,H (2787) Saint Louis 2016}) 16. Nc4 b5 {[%cal Bb7b5,Bb5c4][%mdl 32]} 17. b4 $146 ({Predecessor:} 17. Bxg6 Nxg6 18. Nxd6 Bxd6 19. Qxd6 {0-1 (35) Grifoll Miro,J (2434)-Staniszewski,J (2420) ICCF email 2008}) 17... bxc4 18. bxc5 dxc5 19. Re1 (19. a4 $17) 19... Rb7 $19 20. Bxg6 Nxg6 ({Stronger than} 20... hxg6 21. Qd6 $11) 21. Qd6 Rb2 {...Bb7 is the strong threat.} 22. Nd5 $2 {[#]} (22. Qd5 Qg4 23. Rab1) 22... Qc2 $1 {[%csl Gb2,LRa2,LRg2][%cal Rc2g2]} 23. Rg1 {[#]} Bh3 $1 {[%mdl 512]} 0-1

[Event "13th Poti Nana Aleksandria Cup"]
[Site "Poti"]
[Date "2018.07.16"]
[Round "5"]
[White "Nigmatov, Ortik"]
[Black "Chkhaidze, Nikoloz"]
[Result "1-0"]
[WhiteElo "2461"]
[BlackElo "2337"]
[Annotator "TA"]
[PlyCount "195"]
[EventDate "2018.07.13"]
[EventType "swiss"]
[EventCountry "GEO"]
[SourceTitle "playchess.com"]
[Source "ChessBase"]
[SourceQuality "1"]

{[%evp 14,195,20,-2,25,9,51,0,10,-3,18,0,7,-5,32,20,27,23,24,11,12,15,25,20,22,20,4,9,11,22,37,26,48,49,40,26,41,36,58,66,167,153,227,236,264,261,396,282,263,0,197,181,181,188,181,113,187,187,155,104,131,62,62,58,58,61,66,64,67,66,128,117,118,75,130,124,283,278,264,237,276,278,449,158,165,171,180,170,166,158,345,252,516,514,502,497,451,362,326,292,293,290,300,293,277,229,216,143,459,452,431,321,461,0,419,381,411,412,505,486,492,405,572,401,400,388,375,307,318,293,293,293,279,285,402,358,652,624,735,704,719,650,589,0,587,595,695,629,2179,512,508,479,726,659,983,937,917,871,1256,1149,1284,1059,29972,29974,5513,2645,2340,2103,1565,1150,29980,29981,29985,29982,29987,29988,29988,29989,29989,29990,29992,29993,29993,29994]} 1. e4 e5 2. Nf3 Nc6 3. Bb5 Nf6 {[%cal Bg8f6,Bf6d7,Bd7c5][%mdl 32]} 4. d3 Bc5 5. Bxc6 dxc6 6. Nbd2 {C65: Ruy Lopez: Berlin Defence (3...Nf6), unusual lines and 4 0-0 Bc5} Nd7 7. Nc4 f6 8. Qe2 {LiveBook: 4 Games. The position is equal.} Bd6 $146 ({Predecessor:} 8... Nf8 9. Be3 Bxe3 10. fxe3 Be6 11. Ncd2 Ng6 12. Qf2 c5 13. a4 Qd7 {0-1 (92) So,W (2788)-Dominguez Perez,L (2739) Saint Louis 2017}) 9. Bd2 Nc5 10. b4 Ne6 11. c3 b6 12. d4 {[%cal Rd4e5]} exd4 13. cxd4 O-O 14. O-O Ba6 15. Rfe1 Qe7 16. a3 {Strongly threatening e5.} Nf4 17. Bxf4 $1 Bxf4 18. Qc2 Rfe8 19. Nb2 {[%cal Bc4b2,Bb2d3,Bd3c5][%mdl 32]} Bb7 20. Nd3 Bh6 21. Qc3 a5 22. bxa5 Rxa5 23. Nc5 $36 {[%mdl 2048] White has the initiative.} Bc8 24. a4 {[%cal Ba3a4,Ba4a5,Ba5a6][%mdl 32]} Ra8 25. Nd3 Bd7 26. a5 Qf7 (26... Rxa5 $14 27. Rxa5 bxa5) 27. a6 $18 Qg6 (27... Ra7 $16 {keeps fighting.} 28. e5 Qf8) 28. e5 c5 29. dxc5 Bh3 (29... Bg4 $142) 30. Qc4+ Be6 31. Qc3 $2 (31. Qb5 $18) 31... Bd5 $2 (31... Bh3 $1 $11 32. Nh4 Qg5 33. cxb6 cxb6 34. exf6 Be6) 32. Nh4 Qg4 33. Nb4 $1 {[%cal Rb4d5]} Bf7 34. Nf3 (34. cxb6 $1 $18 cxb6 35. Nf3) 34... Qc4 (34... bxc5 $16 {was worth a try.} 35. Qxc5 Qc4 36. Qxc4 Bxc4) 35. Qxc4 Bxc4 36. Re4 (36. cxb6 $142 cxb6 37. a7) 36... b5 37. Rd1 ({White should play} 37. a7 $16) 37... g6 $14 38. Rd7 Bf8 $1 39. Rxc7 Rec8 $1 {[%cal Rc8c7]} 40. Rxc8 Rxc8 41. Nd4 $1 Bxc5 {[#]} (41... fxe5 $1 $14 42. Ndc6 (42. Rxe5 Rd8 $16) 42... Bd5 43. Nxd5 Rxc6) 42. Ndc6 $1 $16 Kf7 43. Re1 Ke6 (43... Bd5 $142 44. a7 (44. Nxd5 Rxc6 45. Nxf6 Rxa6 $16) 44... Bxc6 45. Nxc6 Ra8) 44. exf6+ Kd7 $2 (44... Kxf6 $16 45. g3 Ra8) 45. a7 $18 {And now Nb8+ would win.} Kc7 46. g4 Kb7 47. Ra1 g5 $2 (47... Ka8 {was necessary.} 48. g5 Bf7) 48. Nc2 $2 (48. Na5+ $18 Ka8 49. Nxc4 bxc4 50. Nd5) 48... Ka8 49. Ne5 Bb3 50. Ne3 Bd4 51. Rb1 Ba4 $2 (51... Bxe5 $16 52. Rxb3 Bxf6) 52. Nd7 Kxa7 $2 (52... Rd8 {was called for.}) 53. f7 Bg7 {Black hopes to continue with ...Rd8.} 54. Nf5 Bf8 55. Re1 Bb3 56. Re8 Rc1+ 57. Kg2 Bxf7 58. Rxf8 Bd5+ 59. Kh3 b4 {Threatens to win with ...b3.} 60. Ne3 Rc3 $2 {[%mdl 8192]} (60... Be6 $16 {is a better chance.}) 61. Rf5 Bc6 62. Rf7 Bd5 (62... b3 $142 63. Ne5+ Ka6) 63. Rf5 Bc6 64. Ne5 Bb5 65. Nf3 Bd3 66. Ra5+ Kb7 67. Nd4 Kc8 (67... Ra3 {might work better.}) 68. Rxg5 b3 69. Nxb3 Rxb3 {[%mdl 4096] Endgame KRB-KRN} 70. Rg7 Kd8 71. Kg3 Ke8 72. h4 {[%cal Bh2h4,Bh4h5][%mdl 32]} Kf8 73. Rd7 Bg6 (73... h6 $142 74. Rd6 Kg7) 74. h5 Bf7 $2 (74... Bd3 75. Ra7 h6) 75. Ra7 Kg7 76. Kh4 Rb4 77. Nf5+ Kf6 78. Ne3 $2 ({White should try} 78. Nh6 $18 Bd5 79. Rxh7) 78... Rd4 $2 {[%mdl 8192]} (78... Kg7 $1 $11 {and Black has nothing to worry.} 79. Nf5+ Kf6) 79. Ra6+ Be6 80. Kg3 Ke5 {[#]} 81. Ra7 (81. f4+ $142 $1 Kf6 (81... Rxf4 82. Rxe6+) 82. f5) 81... Rd7 82. Ra5+ Kf6 (82... Ke4 $142 83. f4 Bf7 84. Re5+ Kd4) 83. g5+ Kg7 84. f4 Rd3 85. Kf3 Rb3 86. Ke4 Rb7 87. Ke5 Bg8 88. Nf5+ Kh8 89. g6 (89. Ra8 $142 Rb5+ 90. Ke4) 89... hxg6 90. hxg6 Rb6 91. Nh4 Re6+ 92. Kf5 {White mates.} Re1 93. Ra7 Rh1 94. Kg5 Rg1+ 95. Kh6 Bd5 96. Rd7 Rg4 97. Rxd5 {[%cal Rd5d8]} Rxh4+ 98. Kg5 {Precision: White = 63%, Black = 30%.} 1-0

[Event "13th Poti Nana Aleksandria Cup"]
[Site "Poti"]
[Date "2018.07.16"]
[Round "5"]
[White "Harutjunyan, Gevorg"]
[Black "Hayrapetyan, Hovik"]
[Result "1/2-1/2"]
[WhiteElo "2418"]
[BlackElo "2453"]
[Annotator "TA"]
[PlyCount "22"]
[EventDate "2018.07.13"]
[EventType "swiss"]
[EventCountry "GEO"]
[SourceTitle "playchess.com"]
[Source "ChessBase"]
[SourceQuality "1"]

{[%evp 20,22,27,0,0]} 1. Nf3 d5 2. g3 g6 3. Bg2 Bg7 4. d4 Nf6 5. O-O O-O 6. c4 c6 7. cxd5 cxd5 8. Nc3 Nc6 9. Ne5 Nd7 10. f4 e6 11. Be3 {LiveBook: 410 Games} Nf6 $146 {D79: Fianchetto Grünfeld: Symmetrical Variation (6 0-0 c6 7 cxd5 cxd5)} ({Predecessor:} 11... Nb6 12. Bf2 Ne7 13. a4 a5 14. Qb3 Bd7 15. Rfc1 Bc6 16. Nb5 Nbc8 17. Qa3 Bxb5 18. axb5 Nd6 19. Qa4 Nec8 20. Be1 Nb6 21. Qd1 {0-1 (44) Miroshnichenko,E (2606)-Caruana,F (2811) chess.com INT 2018}) 1/2-1/2

[Event "13th Poti Nana Aleksandria Cup"]
[Site "Poti"]
[Date "2018.07.16"]
[Round "5"]
[White "Arabidze, Meri"]
[Black "Tutisani, Noe"]
[Result "1/2-1/2"]
[WhiteElo "2397"]
[BlackElo "2469"]
[Annotator "TA"]
[PlyCount "22"]
[EventDate "2018.07.13"]
[EventType "swiss"]
[EventCountry "GEO"]
[SourceTitle "playchess.com"]
[Source "ChessBase"]
[SourceQuality "1"]

{[%evp 20,22,0,0,0]} 1. d4 d5 2. c4 dxc4 3. e4 Nf6 4. e5 Nd5 5. Bxc4 Nc6 6. Nf3 Nb6 7. Bb3 Bg4 8. Ng5 Bxd1 9. Bxf7+ Kd7 10. Be6+ Ke8 $146 11. Bf7+ {LiveBook: 147 Games} Kd7 {D20: Queen's Gambit Accepted: 3 e3 and 3 e4} 1/2-1/2

[Event "13th Poti Nana Aleksandria Cup"]
[Site "Poti"]
[Date "2018.07.16"]
[Round "5"]
[White "Sattarov, Bobir"]
[Black "Eynullayev, Altay"]
[Result "1-0"]
[WhiteElo "2328"]
[BlackElo "2134"]
[Annotator "NA"]
[PlyCount "122"]
[EventDate "2018.07.13"]
[EventType "swiss"]
[EventCountry "GEO"]
[SourceTitle "playchess.com"]
[Source "ChessBase"]
[SourceQuality "1"]
[TimeControl "40/5400+30:1800+30"]

1. e4 {[%emt 0:05:37]} e6 {[%emt 0:00:00]} 2. f4 {[%emt 0:00:17]} d5 {[%emt 0:00:00]} 3. e5 {[%emt 0:00:07]} c5 {[%emt 0:00:10]} 4. Nf3 {[%emt 0:00:07]} Nc6 {[%emt 0:01:32]} 5. c3 {[%emt 0:00:11]} Nge7 {[%emt 0:00:36]} 6. Na3 {[%emt 0:01:07]} Nf5 {[%emt 0:08:31]} 7. Nc2 {[%emt 0:00:35] C00: French: Unusual White 2nd moves} d4 {[%emt 0:02:12]} (7... h5 8. Bd3 g6 9. O-O Be7 10. Bxf5 gxf5 11. d4 h4 12. dxc5 Bxc5+ 13. Be3 Be7 14. h3 b6 {1-0 (30) Nakamura,H (2775)-Seirawan,Y (2643) Saint Louis 2012}) 8. Bd3 {[%emt 0:00:14]} Be7 {[%emt 0:01:13]} 9. Qe2 {[%emt 0:00:14] LiveBook: 3 Partien} h5 {[%emt 0:07:21]} 10. Be4 {[%emt 0:01:15]} h4 $146 {[%emt 0:07:25]} ({Predecessor:} 10... Qb6 11. b3 Bd7 12. Bb2 dxc3 13. dxc3 O-O-O 14. O-O-O g6 {½-½ (41) Kubala,P (2315)-Obsivac,J (2345) Frydek Mistek 1998}) 11. d3 {[%emt 0:01:41]} Qb6 {[%emt 0:03:46]} 12. c4 {[%emt 0:05:59]} Bd7 {[%emt 0:04:15]} 13. O-O {[%emt 0:01:19]} Qc7 {[%emt 0:14:17]} 14. Bd2 {[%emt 0:02:25]} a6 {[%emt 0:08:21]} 15. Rfc1 {[%emt 0:07:13]} Rd8 {[%emt 0:04:29]} (15... a5 $11 {remains equal.}) 16. a3 {[%emt 0:03:03]} Na5 {[%emt 0:02:40]} 17. Bxa5 $1 {[%emt 0:02:51]} Qxa5 {[%emt 0:00:02]} 18. b4 {[%emt 0:00:20]} Qc7 {[%emt 0:00:23]} 19. Rcb1 {[%emt 0:21:00]} Bc6 {[%emt 0:04:18]} 20. Rb2 {[%emt 0:12:08]} Rd7 {[%emt 0:10:05]} (20... b5 $11) 21. Rab1 {[%emt 0:00:20]} g6 {[%emt 0:06:16]} 22. Bxc6 {[%emt 0:09:51]} Qxc6 {[%emt 0:00:38]} 23. b5 {[%emt 0:00:01]} axb5 {[%emt 0:00:35]} 24. Rxb5 {[%emt 0:00:01]} Bd8 {[%emt 0:03:28]} 25. Re1 {[%emt 0:07:10]} O-O {[%emt 0:02:14]} 26. Nd2 {[%emt 0:06:22]} Kg7 {[%emt 0:01:01]} 27. Ne4 {[%emt 0:00:07]} b6 28. g4 {[%emt 0:03:28]} hxg3 {[%emt 0:01:04]} 29. hxg3 {[%emt 0:00:01]} Rh8 {[%emt 0:01:15]} 30. Qg2 {[%emt 0:00:02]} Bc7 {[%emt 0:02:07]} (30... Qa8 $15) 31. Nf6 {[%emt 0:07:43]} Qxg2+ {[%emt 0:00:07]} 32. Kxg2 {[%emt 0:00:01]} Rdd8 {[%emt 0:00:08]} 33. Rbb1 {[%emt 0:00:06]} g5 {[%emt 0:02:25]} 34. Rh1 {[%emt 0:00:24]} gxf4 {[%emt 0:00:26]} 35. gxf4 {[%emt 0:00:01]} Nh4+ {[%emt 0:00:22]} 36. Kg3 {[%emt 0:00:02]} Ng6 {[%emt 0:00:23]} 37. Kf3 {[%emt 0:02:03]} Ra8 {[%emt 0:02:16]} 38. Ke4 {[%emt 0:00:42]} Rad8 {[%emt 0:00:51]} (38... Rxh1 $11 39. Rxh1 Kf8) 39. Rbg1 {[%emt 0:02:10]} (39. a4 $16) 39... Bb8 {[%emt 0:01:23]} (39... Rxh1 $14 40. Rxh1 Ne7) 40. a4 {[%emt 0:00:00]} Bc7 {[%emt 0:00:00]} 41. Na3 {[%emt 0:00:58]} Ra8 $2 {[%emt 0:10:02] [#]} (41... Rxh1 $14 42. Rxh1 Kf8) 42. Nb5 $1 {[%emt 0:00:56]} Bd8 {[%emt 0:04:03]} 43. Rxh8 {[%emt 0:05:25]} Kxh8 {[%emt 0:00:08]} 44. Rh1+ {[%emt 0:00:15]} Kg7 {[%emt 0:00:02]} 45. Rh7+ {[%emt 0:00:48]} Kf8 {[%emt 0:00:01]} 46. Nd6 {[%emt 0:02:17]} Ra7 {[%emt 0:00:40]} 47. f5 {[%emt 0:12:11]} exf5+ {[%emt 0:14:25]} 48. Kxf5 {[%emt 0:00:10]} Ne7+ {[%emt 0:02:14]} 49. Kg5 {[%emt 0:00:35]} Ng8 {[%emt 0:01:06]} 50. Rh8 {[%emt 0:01:49]} Bxf6+ {[%emt 0:00:06]} 51. exf6 {[%emt 0:00:01]} Rxa4 {[%emt 0:00:13]} 52. Nc8 {[%emt 0:00:20]} Ra2 {[%emt 0:00:33]} 53. Nxb6 {[%emt 0:02:09]} Rg2+ {[%emt 0:01:04]} 54. Kf5 {[%emt 0:00:07]} Ke8 {[%emt 0:00:59]} 55. Ke5 {[%emt 0:01:45]} Rg6 {[%emt 0:01:15]} 56. Na4 {[%emt 0:02:46]} Rg5+ {[%emt 0:00:39]} 57. Kd6 {[%emt 0:00:20]} Rg6 {[%emt 0:00:18]} 58. Kc7 {[%emt 0:01:40]} Rg5 $18 {[%emt 0:00:27]} 59. Kc8 {[%emt 0:01:36]} Kf8 {[%emt 0:00:27]} 60. Nb6 {[%emt 0:00:18]} Rg6 {[%emt 0:01:44]} 61. Kd8 {[%emt 0:01:09]} Rg7 1-0

[Event "13th Poti Nana Aleksandria Cup"]
[Site "Poti"]
[Date "2018.07.16"]
[Round "5"]
[White "Aliyev, Ravan"]
[Black "Benidze, Davit"]
[Result "0-1"]
[WhiteElo "2324"]
[BlackElo "2487"]
[Annotator "TA"]
[PlyCount "68"]
[EventDate "2018.07.13"]
[EventType "swiss"]
[EventCountry "GEO"]
[SourceTitle "playchess.com"]
[Source "ChessBase"]
[SourceQuality "1"]

{[%evp 21,68,8,0,-54,-51,-84,-67,-72,-64,-52,-56,-64,-21,-93,-102,-99,-93,-93,-101,-104,-101,-94,-74,-94,-79,-77,-85,-91,-89,-108,-100,-101,-94,-214,-219,-309,-320,-312,-291,-318,-318,-308,-306,-304,-302,-403,-398,-625,-620]} 1. d4 Nf6 2. c4 b6 3. Nc3 Bb7 4. Nf3 e6 5. a3 g6 6. Bg5 Bg7 7. e3 d6 {E12: Queen's Indian: Unusual White 4th moves, 4 a3, 4 Nc3 Bb7 5 a3 and 4 Nc3 Bb7} (7... h6 8. Bh4 O-O 9. Be2 Nc6 10. d5 Ne7 11. e4 g5 12. Bg3 Ng6 13. Nd2 d6 14. O-O Qe7 15. Re1 {½-½ (33) Nanu,C (2509)-Soltanici,R (2393) Eforie Nord 2017}) 8. Be2 Nbd7 9. O-O h6 10. Bh4 g5 11. Bg3 Nh5 {LiveBook: 3 Games} 12. d5 (12. Nd2 $11 Nxg3 13. hxg3 (13. fxg3 O-O $11)) 12... Nxg3 $15 13. hxg3 $146 ({Predecessor:} 13. fxg3 Bxc3 14. bxc3 {0-1 (40) Korotkjevich,S (2354)-Willemze,T (2398) Germany 2013}) 13... Bxc3 $1 14. bxc3 e5 15. Nd2 Qe7 16. Qa4 O-O 17. g4 (17. e4 $11 {remains equal.}) 17... Nc5 $17 18. Qc2 e4 19. Nb3 Nxb3 20. Qxb3 Bc8 21. Qd1 Bd7 22. Qd4 Rae8 23. Rae1 f6 24. Bd1 Qh7 25. f4 exf3 $1 26. Rxf3 Kg7 27. e4 (27. Rf2 $17) 27... Bxg4 $19 28. Rxf6 (28. Rfe3 {keeps fighting.} Bxd1 29. Qxd1) 28... Rxf6 29. Bxg4 Re5 30. Bf5 Rfxf5 31. exf5 Qxf5 32. Rf1 Qe4 33. Qd1 Qe3+ 34. Kh1 (34. Kh2 $142 Qe2 35. Kg1) 34... Re4 {Precision: White = 34%, Black = 98%.} 0-1